[Event "Granby op"]
[Site "Granby CAN"]
[Date "2017.11.25"]
[Round "3"]
[White "Saint Onge, Pierre"]
[Black "Gauthier, Denis"]
[Result "1-0"]
[WhiteElo "1541"]
[BlackElo "1836"]
[WhiteFideId "-1"]
[WhiteFideId "-1"]
[PlyCount "71"]
[GameId "2160767908300617"]
[EventDate "2017.11.24"]
[EventType "swiss"]
[EventRounds "5"]
[EventCountry "CAN"]
[SourceTitle "EXT 2022"]
[Source "ChessBase"]
[SourceDate "2021.10.06"]
[SourceVersion "1"]
[SourceVersionDate "2021.10.06"]
[SourceQuality "1"]

1. e4 c5 2. f4 Nc6 3. Nf3 g6 4. c3 Nf6 5. Bd3 d6 6. O-O Bg7 7. Bc2 Qc7 8. a3 O-O 9. Ra2 b5 10. b3 Bb7 11. d4 cxd4 12. cxd4 Rac8 13. Re1 e6 14. h3 Rfe8 15. Be3 a6 16. Bf2 Nh5 17. g3 Nf6 18. Qd3 d5 19. e5 Ne4 20. Bd1 Nxf2 21. Kxf2 Qb6 22. g4 Ne7 23. h4 b4 24. h5 a5 25. hxg6 fxg6 26. axb4 axb4 27. Kg3 Ra8 28. Rh2 Ba6 29. Qe3 Bb5 30. Reh1 h6 31. f5 exf5 32. Rxh6 fxg4 33. Nh4 Bxe5+ 34. Qxe5 Nf5+ 35. Qxf5 gxf5 36. Rxb6 1-0

[Event "Granby op"]
[Site "Granby CAN"]
[Date "2017.11.25"]
[Round "3"]
[White "Zheng, Richard"]
[Black "Libersan, Thierry"]
[Result "1-0"]
[WhiteElo "2080"]
[BlackElo "2151"]
[WhiteFideId "-1"]
[WhiteFideId "-1"]
[PlyCount "105"]
[GameId "2160767908300618"]
[EventDate "2017.11.24"]
[EventType "swiss"]
[EventRounds "5"]
[EventCountry "CAN"]
[SourceTitle "EXT 2022"]
[Source "ChessBase"]
[SourceDate "2021.10.06"]
[SourceVersion "1"]
[SourceVersionDate "2021.10.06"]
[SourceQuality "1"]

1. d4 Nf6 2. c4 g6 3. Nc3 Bg7 4. e4 O-O 5. Nf3 d6 6. h3 Nbd7 7. Bd3 e5 8. d5 Nc5 9. Bc2 a5 10. Bg5 h6 11. Be3 Nh5 12. O-O Nf4 13. Ne2 g5 14. Rb1 Nxe2+ 15. Qxe2 g4 16. hxg4 Bxg4 17. Bxc5 dxc5 18. Qe3 Ra6 19. Nh2 Bc8 20. Kh1 Rg6 21. Rbe1 b6 22. b3 h5 23. Rg1 Bh6 24. Qe2 Kg7 25. Bd1 h4 26. Qb2 Qf6 27. Bh5 Rg5 28. Bd1 Rg6 29. Bh5 Rg5 30. Bd1 Rg3 31. Rgf1 Bf4 32. Re3 Qh6 33. Rf3 f6 34. a3 Rh8 35. a4 Kf7 36. Qe2 Rg7 37. Qe1 Ke7 38. Rg1 Kd6 39. Qf1 Rg3 40. Qe2 Rhg8 41. Bc2 Bh3 42. fxg3 hxg3 43. gxh3 Qxh3 44. Qg2 Qh4 45. Bd1 Rh8 46. Rxg3 Bxg3 47. Qxg3 Qxe4+ 48. Qf3 Qh4 49. Qg2 Ke7 50. Bc2 Kd8 51. Be4 Qf4 52. Bb1 e4 53. Qg3 1-0

[Event "Granby op"]
[Site "Granby CAN"]
[Date "2017.11.26"]
[Round "4"]
[White "Leger, Maxime"]
[Black "Huang, Qiuyu"]
[Result "1/2-1/2"]
[WhiteElo "1984"]
[BlackElo "2267"]
[WhiteFideId "-1"]
[WhiteFideId "-1"]
[PlyCount "83"]
[GameId "2160767908300621"]
[EventDate "2017.11.24"]
[EventType "swiss"]
[EventRounds "5"]
[EventCountry "CAN"]
[SourceTitle "EXT 2022"]
[Source "ChessBase"]
[SourceDate "2021.10.06"]
[SourceVersion "1"]
[SourceVersionDate "2021.10.06"]
[SourceQuality "1"]

1. g3 d5 2. Bg2 Nf6 3. Nf3 e6 4. d4 Be7 5. O-O O-O 6. c4 c6 7. Nc3 b6 8. b3 Nbd7 9. Bb2 Ba6 10. cxd5 exd5 11. Rc1 Re8 12. Rc2 Bf8 13. Qa1 Bb7 14. Rd1 g6 15. Ne1 Qe7 16. Nd3 Bg7 17. Nf4 g5 18. Nd3 h6 19. Rcd2 Rad8 20. e3 Qd6 21. Qc1 Qb8 22. b4 Rc8 23. Rc2 Re7 24. b5 c5 25. Ba3 Ree8 26. dxc5 bxc5 27. Ne2 c4 28. Nb4 Nc5 29. Nc3 Nfe4 30. Ncxd5 Bxd5 31. Rxd5 c3 32. Qf1 Qb6 33. Nc6 a6 34. Bxc5 Nxc5 35. Qc4 axb5 36. Qxc5 Rxc6 37. Qxb5 Rb8 38. Be4 Qxb5 39. Rxb5 Rxb5 40. Bxc6 Rb1+ 41. Kg2 Kf8 42. Ba4 1/2-1/2

[Event "Granby op"]
[Site "Granby CAN"]
[Date "2017.11.26"]
[Round "4"]
[White "Libersan, Thierry"]
[Black "Auger, Bertrand"]
[Result "1-0"]
[WhiteElo "2151"]
[BlackElo "1931"]
[WhiteFideId "-1"]
[WhiteFideId "-1"]
[PlyCount "61"]
[GameId "2160767908300622"]
[EventDate "2017.11.24"]
[EventType "swiss"]
[EventRounds "5"]
[EventCountry "CAN"]
[SourceTitle "EXT 2022"]
[Source "ChessBase"]
[SourceDate "2021.10.06"]
[SourceVersion "1"]
[SourceVersionDate "2021.10.06"]
[SourceQuality "1"]

1. d4 Nf6 2. Bf4 e6 3. e3 b6 4. Nf3 Bb7 5. Be2 c5 6. O-O Be7 7. h3 O-O 8. Nbd2 d6 9. c3 Qc7 10. a4 Nbd7 11. Bh2 a6 12. Qb1 Bc6 13. e4 Qb7 14. Bd3 d5 15. e5 Ne4 16. Re1 f5 17. exf6 Ndxf6 18. Be5 cxd4 19. cxd4 Bb4 20. Re2 Nxd2 21. Nxd2 Bxd2 22. Rxd2 Ne4 23. Re2 g6 24. f3 Nf6 25. Qe1 Rae8 26. Bd6 Nh5 27. Bxf8 Rxf8 28. Rxe6 Qd7 29. Re7 Qd6 30. Qe6+ Qxe6 31. Rxe6 1-0

[Event "Granby op"]
[Site "Granby CAN"]
[Date "2017.11.26"]
[Round "4"]
[White "Moisescu, George"]
[Black "Guipi Bopala, Prince Eric jr"]
[Result "0-1"]
[WhiteElo "1730"]
[BlackElo "1868"]
[WhiteFideId "-1"]
[WhiteFideId "-1"]
[PlyCount "140"]
[GameId "2160767908300623"]
[EventDate "2017.11.24"]
[EventType "swiss"]
[EventRounds "5"]
[EventCountry "CAN"]
[SourceTitle "EXT 2022"]
[Source "ChessBase"]
[SourceDate "2021.10.06"]
[SourceVersion "1"]
[SourceVersionDate "2021.10.06"]
[SourceQuality "1"]

1. d4 f5 2. Bg5 Nf6 3. e3 e6 4. Bd3 d5 5. Nf3 Be7 6. Ne5 O-O 7. Nd2 Ne4 8. Bxe7 Qxe7 9. O-O Nd7 10. Nxd7 Bxd7 11. Nf3 Be8 12. Ne5 Rf6 13. Bxe4 dxe4 14. f3 Bh5 15. Qe1 exf3 16. gxf3 Rd8 17. c3 c5 18. Qh4 Be8 19. Rad1 Rd5 20. Qe1 cxd4 21. exd4 Rh6 22. f4 Rd8 23. Rf2 Qh4 24. Qe3 Bh5 25. Rdd2 Bg4 26. Qg3 Qh5 27. Rg2 Rf8 28. Nxg4 fxg4 29. Qxg4 Qf7 30. Rdf2 Rg6 31. Qe2 Qf5 32. Rxg6 Qxg6+ 33. Kh1 Qb1+ 34. Rf1 Qxa2 35. Qb5 b6 36. Kg2 Rb8 37. Rf2 Qb1 38. Qe2 Qg6+ 39. Kf3 Rf8 40. Qe4 Qh6 41. Rg2 Qh3+ 42. Kf2 Qh6 43. Ke3 Kh8 44. Qe5 Qh3+ 45. Rg3 Qh6 46. Qg5 Qf6 47. Qxf6 Rxf6 48. Ke4 Kg8 49. c4 Kf7 50. Ra3 Rh6 51. h3 Kf6 52. b4 Rh4 53. c5 g5 54. Rf3 bxc5 55. bxc5 a5 56. c6 Ke7 57. Rc3 Rxf4+ 58. Ke3 Rf8 59. Rc5 Rf5 60. Rc4 Rf8 61. c7 Kd7 62. Rc5 Ra8 63. Rxg5 Kxc7 64. Rg7+ Kd6 65. Rxh7 a4 66. Rg7 a3 67. Rg1 a2 68. Ra1 Kd5 69. h4 Kc4 70. Kd2 Kb3 0-1

[Event "Granby op"]
[Site "Granby CAN"]
[Date "2017.11.26"]
[Round "4"]
[White "Saha, Ananda"]
[Black "Saint Onge, Pierre"]
[Result "1-0"]
[WhiteElo "2191"]
[BlackElo "1541"]
[WhiteFideId "-1"]
[WhiteFideId "-1"]
[PlyCount "111"]
[GameId "2160767908300624"]
[EventDate "2017.11.24"]
[EventType "swiss"]
[EventRounds "5"]
[EventCountry "CAN"]
[SourceTitle "EXT 2022"]
[Source "ChessBase"]
[SourceDate "2021.10.06"]
[SourceVersion "1"]
[SourceVersionDate "2021.10.06"]
[SourceQuality "1"]

1. d4 d5 2. c4 c5 3. e3 e6 4. cxd5 Qxd5 5. Nc3 Qd8 6. Nf3 a6 7. a4 Nf6 8. Be2 Be7 9. O-O b6 10. Qc2 Bb7 11. Rd1 Nbd7 12. e4 cxd4 13. Nxd4 Rc8 14. f3 O-O 15. Be3 Qc7 16. Rac1 Qb8 17. Qb1 Rfe8 18. g3 Rc7 19. f4 Rec8 20. e5 Nd5 21. Nxd5 Bxd5 22. Bxa6 Rxc1 23. Rxc1 Rxc1+ 24. Qxc1 Nc5 25. Bb5 Qa8 26. Qc2 h6 27. b4 Be4 28. Qa2 Nd3 29. Bxd3 Bxd3 30. Qd2 Qe4 31. Kf2 Bc4 32. Qc2 Bd5 33. Qxe4 Bxe4 34. Bd2 Kf8 35. Ke3 Bd5 36. Kd3 Ke8 37. Kc3 Kd7 38. Be3 Bc6 39. Nxc6 Kxc6 40. Kc4 Bd8 41. Bd2 Bc7 42. a5 b5+ 43. Kc3 h5 44. Be3 g5 45. a6 g4 46. a7 Kb7 47. Bc5 Bd8 48. Kd4 h4 49. Ke4 hxg3 50. hxg3 f5+ 51. exf6 Bxf6 52. f5 e5 53. Kd5 Bg7 54. Ke6 e4 55. Kd5 Bc3 56. Kxe4 1-0

[Event "Granby op"]
[Site "Granby CAN"]
[Date "2017.11.26"]
[Round "4"]
[White "Tanaka, Tyler"]
[Black "Brassard, Sylvain"]
[Result "1-0"]
[WhiteElo "2080"]
[BlackElo "1785"]
[WhiteFideId "-1"]
[WhiteFideId "-1"]
[PlyCount "153"]
[GameId "2160767908300625"]
[EventDate "2017.11.24"]
[EventType "swiss"]
[EventRounds "5"]
[EventCountry "CAN"]
[SourceTitle "EXT 2022"]
[Source "ChessBase"]
[SourceDate "2021.10.06"]
[SourceVersion "1"]
[SourceVersionDate "2021.10.06"]
[SourceQuality "1"]

1. e4 d5 2. exd5 Qxd5 3. Nc3 Qd6 4. d4 Nf6 5. Nf3 c6 6. g3 Bg4 7. Bg2 e6 8. a3 Na6 9. Bf4 Qd8 10. h3 Bh5 11. g4 Bg6 12. Qe2 Nd5 13. Bd2 Bd6 14. Ne5 Bxe5 15. Qxe5 Qf6 16. Qxf6 Nxf6 17. O-O-O Nc7 18. Rhe1 O-O 19. Bg5 Ncd5 20. Na4 Nd7 21. c4 N5b6 22. Nxb6 Nxb6 23. b3 Rac8 24. Kb2 h6 25. Bh4 Bh7 26. f4 Rfe8 27. Re2 Kf8 28. Rde1 Bd3 29. Re3 Bxc4 30. bxc4 Nxc4+ 31. Kb3 Nxe3 32. Rxe3 f6 33. Be1 Kf7 34. Kc4 b6 35. Bb4 a5 36. Bc3 Red8 37. a4 Rd6 38. f5 Ke7 39. Bb2 c5 40. d5 e5 41. h4 Rdd8 42. Rb3 Rb8 43. g5 hxg5 44. hxg5 Rh8 45. gxf6+ gxf6 46. Kb5 Rh2 47. Be4 Rh4 48. Kc6 Rxe4 49. d6+ Kd8 50. Rh3 Rc8+ 51. Kb7 Kd7 52. Rh7+ Kxd6 53. Kxc8 Rxa4 54. Rf7 Rb4 55. Rxf6+ Kd5 56. Bc3 Rb3 57. Ba1 c4 58. Kd7 c3 59. Rd6+ Ke4 60. f6 c2 61. Rc6 Rf3 62. Ke7 Kd3 63. Rd6+ Ke2 64. Bb2 e4 65. f7 e3 66. Rf6 Rxf6 67. Kxf6 Kd1 68. f8=Q c1=Q 69. Bxc1 Kxc1 70. Qc8+ Kd2 71. Qd8+ Ke1 72. Qxb6 e2 73. Qxa5+ Kd1 74. Qd5+ Kc2 75. Qe4+ Kd1 76. Qd3+ Ke1 77. Ke5 1-0

[Event "Granby op"]
[Site "Granby CAN"]
[Date "2017.11.26"]
[Round "4"]
[White "Tomb, Maroun"]
[Black "Papineau (Granby), Daniel"]
[Result "1/2-1/2"]
[WhiteElo "2238"]
[BlackElo "2053"]
[WhiteFideId "-1"]
[WhiteFideId "-1"]
[PlyCount "66"]
[GameId "2160767908300626"]
[EventDate "2017.11.24"]
[EventType "swiss"]
[EventRounds "5"]
[EventCountry "CAN"]

1. e4 c6 2. Nc3 g6 3. d4 Bg7 4. Nf3 d6 5. a4 Nf6 6. h3 O-O 7. Be2 c5 8. d5 e6 9. O-O exd5 10. exd5 Na6 11. Nd2 Nb4 12. Nc4 Bf5 13. Ne3 Re8 14. Nxf5 gxf5 15. Bf3 Ne4 16. Nb5 a6 17. Na3 Re5 18. c3 Nxd5 19. Nc4 Ndxc3 20. bxc3 Nxc3 21. Qxd6 Re6 22. Qxd8+ Rxd8 23. Bg5 Rd4 24. Ne3 h6 25. Nxf5 hxg5 26. Bxb7 Ne2+ 27. Kh2 Rb4 28. Nxg7 Kxg7 29. Bc8 Rc6 30. Bg4 Nc3 31. Rfc1 Ne4 32. Rc2 Kg6 33. a5 f5 1/2-1/2

[Event "Granby op"]
[Site "Granby CAN"]
[Date "2017.11.26"]
[Round "4"]
[White "Turcotte, Jonathan"]
[Black "Marcone, Malcom"]
[Result "1-0"]
[WhiteElo "2039"]
[BlackElo "1832"]
[WhiteFideId "-1"]
[WhiteFideId "-1"]
[PlyCount "127"]
[GameId "2160767908300627"]
[EventDate "2017.11.24"]
[EventType "swiss"]
[EventRounds "5"]
[EventCountry "CAN"]
[SourceTitle "EXT 2022"]
[Source "ChessBase"]
[SourceDate "2021.10.06"]
[SourceVersion "1"]
[SourceVersionDate "2021.10.06"]
[SourceQuality "1"]

1. d4 Nf6 2. c4 e5 3. dxe5 Ng4 4. Bf4 g5 5. Bg3 Bg7 6. Nf3 Nc6 7. h4 Ngxe5 8. Nxe5 Nxe5 9. e3 g4 10. h5 d6 11. Nc3 c6 12. h6 Bf6 13. Ne4 Qa5+ 14. Qd2 Qxd2+ 15. Kxd2 Ke7 16. Rd1 Bf5 17. Nxf6 Kxf6 18. Kc3 Ke6 19. Be2 Rhg8 20. Rd2 Rad8 21. Rhd1 Rg6 22. Bf4 Be4 23. Bf1 c5 24. a3 f6 25. b4 b6 26. b5 Rd7 27. a4 Nf7 28. a5 bxa5 29. Kb3 Rg8 30. Ka4 Rb8 31. Be2 Rg8 32. f3 gxf3 33. gxf3 Bb7 34. e4 Ke7 35. Bf1 Ne5 36. Rf2 Rg1 37. Rdd2 Rd8 38. Rc2 Rh1 39. Kxa5 f5 40. exf5 Nxf3 41. Bg2 Ra1+ 42. Ra2 Rxa2+ 43. Rxa2 Rd7 44. Re2+ Kf6 45. Re8 Ne5 46. Bxb7 Rxb7 47. Rf8+ Rf7 48. Rxf7+ Kxf7 49. Ka6 Nxc4 50. Kxa7 Kf6 51. b6 Kxf5 52. b7 Na5 53. Bxd6 c4 54. Bb4 Nc6+ 55. Kb6 Nb8 56. Kc7 Na6+ 57. Kc8 Kg6 58. Bd2 c3 59. Bc1 Kf5 60. b8=Q Nxb8 61. Kxb8 Ke4 62. Kc7 Kd3 63. Kd6 Kc2 64. Bg5 1-0

[Event "Granby op"]
[Site "Granby CAN"]
[Date "2017.11.26"]
[Round "4"]
[White "Zheng, Richard"]
[Black "Masse, Hugues"]
[Result "0-1"]
[WhiteElo "2080"]
[BlackElo "2250"]
[WhiteFideId "-1"]
[WhiteFideId "-1"]
[PlyCount "110"]
[GameId "2160767908300628"]
[EventDate "2017.11.24"]
[EventType "swiss"]
[EventRounds "5"]
[EventCountry "CAN"]
[SourceTitle "EXT 2022"]
[Source "ChessBase"]
[SourceDate "2021.10.06"]
[SourceVersion "1"]
[SourceVersionDate "2021.10.06"]
[SourceQuality "1"]

1. d4 Nf6 2. c4 e6 3. Nc3 Bb4 4. Qc2 O-O 5. Bg5 b6 6. e4 h6 7. Bh4 Bb7 8. f3 g5 9. Bf2 c5 10. d5 d6 11. O-O-O exd5 12. exd5 Nbd7 13. h4 g4 14. h5 Bxc3 15. bxc3 b5 16. Be3 Kg7 17. Qd2 Rh8 18. Bxh6+ Rxh6 19. Qg5+ Kh8 20. Qxh6+ Nh7 21. Bd3 Ndf8 22. fxg4 Qa5 23. Qd2 bxc4 24. Bxc4 Rb8 25. Kc2 Ba6 26. Bxa6 Qxa6 27. Ra1 Qa4+ 28. Kc1 Nf6 29. Ne2 Ne4 30. Qe3 Nh7 31. Rf1 Nhg5 32. Qd3 Qa3+ 33. Kd1 Rb2 34. Ke1 Rd2 35. Qxd2 Nxd2 36. Kxd2 Qb2+ 37. Ke3 Ne4 38. Kxe4 Qxe2+ 39. Kf4 Qe5+ 40. Kf3 Qxc3+ 41. Kf2 c4 42. Kg1 Qd4+ 43. Kh2 Qxg4 44. Rf3 Qh4+ 45. Rh3 Qf4+ 46. Rg3 c3 47. Kh3 c2 48. Rc3 Kh7 49. Rh1 Qd2 50. Rc7 Qxd5 51. Re1 Qxh5+ 52. Kg3 Kg7 53. Kf2 Qd5 54. Kf1 a5 55. g4 Qf3+ 0-1

[Event "Granby op"]
[Site "Granby CAN"]
[Date "2017.11.26"]
[Round "4"]
[White "Zhong, Kevin"]
[Black "Baran, Marius"]
[Result "1-0"]
[WhiteElo "2060"]
[BlackElo "1903"]
[WhiteFideId "-1"]
[WhiteFideId "-1"]
[PlyCount "41"]
[GameId "2160767908300629"]
[EventDate "2017.11.24"]
[EventType "swiss"]
[EventRounds "5"]
[EventCountry "CAN"]
[SourceTitle "EXT 2022"]
[Source "ChessBase"]
[SourceDate "2021.10.06"]
[SourceVersion "1"]
[SourceVersionDate "2021.10.06"]
[SourceQuality "1"]

1. e4 c5 2. Ne2 d6 3. g3 g6 4. Bg2 Bg7 5. c3 Nc6 6. d4 cxd4 7. cxd4 e5 8. Be3 Nf6 9. h3 O-O 10. O-O b6 11. Nbc3 Bb7 12. f4 exd4 13. Nxd4 Re8 14. e5 Nh5 15. Nxc6 Qc8 16. Nb5 Bxc6 17. Nxd6 Qe6 18. Bxc6 Qxh3 19. Qf3 Rac8 20. Bxe8 Rc2 21. Bxf7+ 1-0

[Event "Granby op"]
[Site "Granby CAN"]
[Date "2017.11.26"]
[Round "5"]
[White "Auger, Bertrand"]
[Black "Moisescu, George"]
[Result "1-0"]
[WhiteElo "1931"]
[BlackElo "1730"]
[WhiteFideId "-1"]
[WhiteFideId "-1"]
[PlyCount "87"]
[GameId "2160767908300630"]
[EventDate "2017.11.24"]
[EventType "swiss"]
[EventRounds "5"]
[EventCountry "CAN"]
[SourceTitle "EXT 2022"]
[Source "ChessBase"]
[SourceDate "2021.10.06"]
[SourceVersion "1"]
[SourceVersionDate "2021.10.06"]
[SourceQuality "1"]

1. Nf3 d5 2. g3 Nf6 3. Bg2 e6 4. O-O Be7 5. c4 O-O 6. d4 b6 7. Ne5 Bb7 8. Nc3 c6 9. Qc2 Nfd7 10. Rd1 Bd6 11. cxd5 exd5 12. Nd3 Na6 13. Bf4 Bxf4 14. Nxf4 Nc7 15. b4 Ne6 16. Qd2 Nxf4 17. Qxf4 Qb8 18. Qf5 Qd6 19. Rab1 Nf6 20. e4 dxe4 21. Nxe4 Nxe4 22. Bxe4 g6 23. Qf3 f5 24. Bc2 Rab8 25. Bb3+ Kg7 26. Qc3 Qf6 27. Rbc1 Rbc8 28. Qf3 Rcd8 29. Qf4 Qd6 30. Qe5+ Qxe5 31. dxe5 Rfe8 32. f4 Kf8 33. Kf2 Ke7 34. Ke3 h5 35. Rc3 Rxd1 36. Bxd1 Rd8 37. Bf3 Rc8 38. a4 a5 39. bxa5 b5 40. axb5 cxb5 41. Rxc8 Bxc8 42. Kd4 Ba6 43. Kc5 Kd8 44. Bc6 1-0

[Event "Granby op"]
[Site "Granby CAN"]
[Date "2017.11.26"]
[Round "5"]
[White "Guipi Bopala, Prince Eric jr"]
[Black "Saint Onge, Pierre"]
[Result "1-0"]
[WhiteElo "1868"]
[BlackElo "1541"]
[WhiteFideId "-1"]
[WhiteFideId "-1"]
[PlyCount "80"]
[GameId "2160767908300631"]
[EventDate "2017.11.24"]
[EventType "swiss"]
[EventRounds "5"]
[EventCountry "CAN"]
[SourceTitle "EXT 2022"]
[Source "ChessBase"]
[SourceDate "2021.10.06"]
[SourceVersion "1"]
[SourceVersionDate "2021.10.06"]
[SourceQuality "1"]

1. e4 e5 2. Nf3 Nc6 3. Bb5 Qf6 4. d3 h6 5. O-O g5 6. Nc3 Bd6 7. Nd5 Qg7 8. c4 Nge7 9. c5 Nxd5 10. exd5 Bxc5 11. dxc6 dxc6 12. Bc4 Bd6 13. Re1 g4 14. Nxe5 O-O 15. Nxf7 Rxf7 16. Qb3 Bd7 17. Bxf7+ Qxf7 18. Qxf7+ Kxf7 19. d4 Be6 20. a3 a5 21. g3 h5 22. Bf4 Bxf4 23. gxf4 Rd8 24. Rad1 Bb3 25. Rd3 Bc4 26. Rde3 Rd7 27. Re5 h4 28. Rh5 Rxd4 29. Rxh4 Rxf4 30. h3 Be6 31. hxg4 Rf3 32. Re3 Rf4 33. Kg2 Bd5+ 34. Kg3 Rd4 35. Rh7+ Kg6 36. Rxc7 Rd1 37. Rxb7 a4 38. Rb4 Rg1+ 39. Kf4 Rg2 40. f3 Bb3 1-0

[Event "Granby op"]
[Site "Granby CAN"]
[Date "2017.11.26"]
[Round "5"]
[White "Huang, Qiuyu"]
[Black "Turcotte, Jonathan"]
[Result "1-0"]
[WhiteElo "2267"]
[BlackElo "2039"]
[WhiteFideId "-1"]
[WhiteFideId "-1"]
[PlyCount "95"]
[GameId "2160767908300633"]
[EventDate "2017.11.24"]
[EventType "swiss"]
[EventRounds "5"]
[EventCountry "CAN"]
[SourceTitle "EXT 2022"]
[Source "ChessBase"]
[SourceDate "2021.10.06"]
[SourceVersion "1"]
[SourceVersionDate "2021.10.06"]
[SourceQuality "1"]

1. e4 c6 2. d4 d5 3. exd5 cxd5 4. Bd3 Nc6 5. c3 Qc7 6. h3 Nf6 7. Nf3 g6 8. Qc2 Bg7 9. O-O O-O 10. Re1 Bd7 11. Ne5 Rfe8 12. Bf4 Nh5 13. Bh2 Bxe5 14. dxe5 Qc8 15. Nd2 Bf5 16. Nf3 Nb4 17. cxb4 Qxc2 18. Bxc2 Bxc2 19. Nd4 Ba4 20. b5 a6 21. b6 e6 22. b3 Bd7 23. Rac1 Rec8 24. b4 Ng7 25. g4 Ne8 26. Nb3 Rxc1 27. Rxc1 Rc8 28. Rc5 h6 29. Na5 Rb8 30. f4 Kf8 31. Bg3 Bb5 32. Kf2 Ke7 33. f5 gxf5 34. gxf5 Bd3 35. f6+ Kd7 36. Bf4 h5 37. Be3 Bb5 38. Bd4 Bd3 39. h4 Bg6 40. Ke3 Bf5 41. Bc3 Bc2 42. Kd4 Be4 43. Bd2 Bf5 44. Bh6 Be4 45. Bf8 Bb1 46. a3 Bg6 47. Bd6 Nxd6 48. Rc7+ 1-0

[Event "Granby op"]
[Site "Granby CAN"]
[Date "2017.11.26"]
[Round "5"]
[White "Leger, Maxime"]
[Black "Libersan, Thierry"]
[Result "1-0"]
[WhiteElo "1984"]
[BlackElo "2151"]
[WhiteFideId "-1"]
[WhiteFideId "-1"]
[PlyCount "31"]
[GameId "2160767908300634"]
[EventDate "2017.11.24"]
[EventType "swiss"]
[EventRounds "5"]
[EventCountry "CAN"]
[SourceTitle "EXT 2022"]
[Source "ChessBase"]
[SourceDate "2021.10.06"]
[SourceVersion "1"]
[SourceVersionDate "2021.10.06"]
[SourceQuality "1"]

1. e4 c5 2. Nc3 Nc6 3. g3 g6 4. Bg2 Bg7 5. d3 e6 6. Be3 d6 7. Qd2 Nd4 8. Nd1 e5 9. f4 Ne7 10. c3 Ndc6 11. Nf3 b6 12. O-O O-O 13. f5 gxf5 14. Bh6 fxe4 15. Bxg7 exf3 16. Bf6 1-0

[Event "Granby op"]
[Site "Granby CAN"]
[Date "2017.11.26"]
[Round "5"]
[White "Marcone, Malcom"]
[Black "Bassel, Charaf"]
[Result "0-1"]
[WhiteElo "1832"]
[BlackElo "2099"]
[WhiteFideId "-1"]
[WhiteFideId "-1"]
[PlyCount "100"]
[GameId "2160767908300635"]
[EventDate "2017.11.24"]
[EventType "swiss"]
[EventRounds "5"]
[EventCountry "CAN"]
[SourceTitle "EXT 2022"]
[Source "ChessBase"]
[SourceDate "2021.10.06"]
[SourceVersion "1"]
[SourceVersionDate "2021.10.06"]
[SourceQuality "1"]

1. d4 d5 2. c4 Nc6 3. cxd5 Qxd5 4. Nf3 Bg4 5. Nc3 Qh5 6. Qa4 Bxf3 7. exf3 e6 8. Bb5 Nge7 9. Be3 a6 10. h4 Rd8 11. Bd3 Qa5 12. Qxa5 Nxa5 13. O-O-O Nd5 14. Nxd5 exd5 15. Rhe1 Kd7 16. Bf5+ Kc6 17. Kb1 Bd6 18. b3 Kb6 19. Bg5 f6 20. Bd2 Nc6 21. Bc3 g6 22. Bh3 f5 23. Re6 Rhe8 24. Rde1 Rxe6 25. Rxe6 Be7 26. h5 Rd6 27. Rxd6 Bxd6 28. Kc2 Bb4 29. f4 Bxc3 30. Kxc3 Ne7 31. hxg6 hxg6 32. f3 a5 33. a4 c5 34. g4 Kc6 35. Bf1 Kd6 36. Bd3 b6 37. Bb1 Ke6 38. Bd3 Nc6 39. dxc5 bxc5 40. Be2 Nd4 41. Bd1 Kf6 42. Kd3 Ke7 43. Kd2 Kd6 44. Ke3 Kc6 45. Kf2 c4 46. bxc4 dxc4 47. Kg3 Kd5 48. Kh4 Ke6 49. Kg5 Kf7 50. gxf5 gxf5 0-1

[Event "Granby op"]
[Site "Granby CAN"]
[Date "2017.11.26"]
[Round "5"]
[White "Saha, Ananda"]
[Black "Zhong, Kevin"]
[Result "0-1"]
[WhiteElo "2191"]
[BlackElo "2060"]
[WhiteFideId "-1"]
[WhiteFideId "-1"]
[PlyCount "140"]
[GameId "2160767908300638"]
[EventDate "2017.11.24"]
[EventType "swiss"]
[EventRounds "5"]
[EventCountry "CAN"]
[SourceTitle "EXT 2022"]
[Source "ChessBase"]
[SourceDate "2021.10.06"]
[SourceVersion "1"]
[SourceVersionDate "2021.10.06"]
[SourceQuality "1"]

1. Nf3 d5 2. g3 Bg4 3. Bg2 Nd7 4. d3 Ngf6 5. O-O e5 6. Nbd2 c6 7. c4 Be7 8. b3 O-O 9. Bb2 Qc7 10. Qc2 Qd6 11. e4 d4 12. h3 Bh5 13. Rae1 Ne8 14. Nh2 g5 15. f3 Nc7 16. Rf2 Ne6 17. Ref1 b5 18. Ng4 Kg7 19. Bc1 Bxg4 20. fxg4 f6 21. Bb2 a5 22. Rc1 b4 23. Ra1 Ndc5 24. a4 bxa3 25. Bxa3 Rfb8 26. Rff1 Qd7 27. Rfb1 Bd8 28. Bf3 Na6 29. Rb2 Nb4 30. Bxb4 Rxb4 31. Bd1 Nc5 32. Rba2 Rab8 33. Kf1 Bc7 34. Ke2 h5 35. Kf2 Rh8 36. Kg2 h4 37. gxh4 Rxh4 38. Nf3 Rh8 39. Ra3 Ne6 40. Ng1 Nf4+ 41. Kh2 Kg6 42. Bf3 Qh7 43. Bg2 Qh4 44. Qd1 Qf2 45. R1a2 Qh4 46. Qf3 Rhb8 47. Qd1 Ne6 48. Nf3 Qh7 49. Bf1 Nc5 50. Nd2 Bd8 51. Qf3 Qb7 52. Qf5+ Kg7 53. Rxa5 Bxa5 54. Rxa5 Nxb3 55. Nxb3 Rxb3 56. Qe6 Rb2+ 57. Kg3 Qb4 58. Ra7+ Rb7 59. Rxb7+ Qxb7 60. h4 gxh4+ 61. Kxh4 Qc7 62. Bh3 Rd2 63. g5 Qf7 64. Qg4 Kh8 65. g6 Qg8 66. Qf5 Kg7 67. Qd7+ Kxg6 68. Qg4+ Kh7 69. Qh5+ Kg7 70. Qg4+ Kh8 0-1

[Event "Granby op"]
[Site "Granby CAN"]
[Date "2017.11.26"]
[Round "5"]
[White "Tanaka, Tyler"]
[Black "Zheng, Richard"]
[Result "1/2-1/2"]
[WhiteElo "2080"]
[BlackElo "2080"]
[WhiteFideId "-1"]
[WhiteFideId "-1"]
[PlyCount "67"]
[GameId "2160767908300639"]
[EventDate "2017.11.24"]
[EventType "swiss"]
[EventRounds "5"]
[EventCountry "CAN"]
[SourceTitle "EXT 2022"]
[Source "ChessBase"]
[SourceDate "2021.10.06"]
[SourceVersion "1"]
[SourceVersionDate "2021.10.06"]
[SourceQuality "1"]

1. e4 e5 2. Nf3 Nc6 3. Bb5 f5 4. exf5 e4 5. Qe2 Qe7 6. Bxc6 dxc6 7. Nd4 Nf6 8. Nc3 Qe5 9. Ne6 Bxe6 10. fxe6 Qxe6 11. O-O Kf7 12. b3 Bd6 13. Bb2 Rhe8 14. Rfe1 Rad8 15. Rad1 Rd7 16. g3 Rde7 17. Qf1 Qf5 18. Qg2 Kf8 19. Ne2 Bc5 20. Bxf6 Qxf6 21. Nc3 Qf5 22. Re2 Bd4 23. Rde1 Bxc3 24. dxc3 g6 25. Re3 Kg8 26. Qf1 Qd5 27. f3 exf3 28. Rxe7 Rxe7 29. Rxe7 Qc5+ 30. Kh1 Qxe7 31. Qc4+ Kh8 32. Qd4+ Kg8 33. Qc4+ Kh8 34. Qd4+ 1/2-1/2